000 00556nam a2200193Ia 4500
003 OSt
005 20250120105824.0
008 231217s9999 xx 000 0 und d
020 _a9788126506774
040 _c0
041 _aEnglish
082 _a658.409 LEN;1 R
100 _aLencioni, Patrick.
245 4 _aThe four obsessions of an extraordinary executive : a leadership fable
260 _c2006
_bJohn Wiley & Sons
_aNew Delhi
300 _axiv, 184
650 _afour,obsessions,extraordinary,executive,leadership,fable
942 _cAA
_2ddc
999 _c197749
_d197749